Štatistická ročenka regiónov Slovenska 2010
Salvato in:
| Natura: | Libro |
|---|---|
| Lingua: | slovacco inglese |
| Pubblicazione: |
Bratislava
Štatistický úrad Slovenskej republiky
2011
|
| Soggetti: | |
| Tags: |
Nessun Tag, puoi essere il primo ad aggiungerne!!
|
MARC
| LEADER | 00000nam$a2200000$$$4500 | ||
|---|---|---|---|
| 001 | 0127789 | ||
| 005 | 20251126113841.7 | ||
| 020 | |a 978-80-8121-053-2 | ||
| 041 | 0 | |a slo | |
| 041 | 0 | |a eng | |
| 044 | |a SK | ||
| 245 | 1 | 0 | |a Štatistická ročenka regiónov Slovenska 2010 |
| 264 | 1 | |a Bratislava |b Štatistický úrad Slovenskej republiky |c 2011 | |
| 300 | |a 381 s. | ||
| 500 | |a Zdroj dokumentu: Štatistický úrad SR | ||
| 610 | 2 | 0 | |a Slovensko |
| 610 | 2 | 0 | |a štatistika regionálna |
| 610 | 2 | 0 | |a obyvateľstvo |
| 610 | 2 | 0 | |a sektory hospodárske |
| 610 | 2 | 0 | |a sektor verejný |